000 00554nam a22001457a 4500
020 _a978-81-291-4918-3
082 _a823
_bBON/D
100 _aBOND, RUSKIN
245 _aDRAGON IN THE TUNNEL
260 _aDELHI
_bRUPA PUBLICATIONS
_c2019
300 _a114
520 _aAlthough the India of Kim is no more, and the Grand Trunk Road is now a procession of trucks instead of a slow-moving caravan of horses and camels, India is still a country in which people are easily lost and quickly forgotten.
650 _aCHILDREN STORY BOOK
_zINDIA
942 _cBK
999 _c2775
_d2775